00599nam a2200181 a 450000100100000000500170001000800410002702000180006804000250008608200160011110000330012724500560016026000480021630000280026449000260029250000730031883000260039100002060620200930011131.0100811s2017 pr a r 000 0 spa d a9789945581997 aDO-SdBNPbspacBNPHU axxxxbC824g1 aCorrea Agosto, Oscar,d1937-13aLa gran cacería :bnovela /cOscar Correa Agosto. aSan Juan, Puerto Rico :bIsla negra,c2017. a210 p. :bil. ;c22 cm.1 aLa montaña de papel aIncluye referencias bibliográficas y notas al pie de las páginas 0aLa montaña de papel